[Event "Paul Keres Mem Prelim"]
[Site "Tallinn EST"]
[Date "2013.01.12"]
[Round "7.1"]
[White "Sveshnikov, Evgeny"]
[Black "Novik, Maxim"]
[Result "1/2-1/2"]
[WhiteTitle "GM"]
[BlackTitle "GM"]
[WhiteElo "2521"]
[BlackElo "2449"]
[WhiteFideId "4100638"]
[BlackFideId "4102924"]
[EventDate "2013.01.11"]

1. e4 c6 2. d4 d5 3. exd5 cxd5 4. Nf3 Nf6 5. Bf4 Nc6 6. c3 g6 7. Bd3 Bg7 8. O-O
O-O 9. h3 Bf5 10. Bxf5 gxf5 11. Ne5 e6 12. Nd2 Ne4 13. Nxc6 bxc6 14. f3 1/2-1/2

[Event "Paul Keres Mem Prelim"]
[Site "Tallinn EST"]
[Date "2013.01.12"]
[Round "7.5"]
[White "Sveshnikov, Vladimir"]
[Black "Vepkhvishvili, Varlam"]
[Result "1-0"]
[WhiteTitle "IM"]
[BlackTitle "FM"]
[WhiteElo "2434"]
[BlackElo "2256"]
[WhiteFideId "11601884"]
[BlackFideId "13600524"]
[EventDate "2013.01.11"]

1. e4 e5 2. Nf3 Nc6 3. Bc4 Be7 4. d4 d6 5. d5 Nb8 6. Nc3 Nf6 7. h3 O-O 8. g4 a6
9. a4 a5 10. Be3 Nbd7 11. Qe2 b6 12. Nd2 Nc5 13. b3 Ne8 14. Nf3 Bd7 15. O-O-O
Kh8 16. Rdg1 c6 17. dxc6 Bxc6 18. Bxc5 bxc5 19. h4 Nc7 20. Rd1 Qc8 21. Ng5 Ne6
22. Nxe6 fxe6 23. f3 Qd7 24. g5 Rf4 25. Rd3 Rxh4 26. Rxh4 Bxg5+ 27. f4 Bxh4 28.
fxe5 d5 29. exd5 exd5 30. Bxd5 Re8 31. Qh5 c4 32. Be4 g6 33. Rxd7 gxh5 34. Bxc6
cxb3 35. cxb3 Rxe5 36. Rd5 Re3 37. Kd2 Rh3 38. Bd7 Rh2+ 39. Kd3 Be1 40. Ne4 Kg7
41. Bf5 h6 42. Rd7+ Kf8 43. Kc4 Bb4 44. Kd5 Rh1 45. Ke6 Re1 46. Kf6 Ke8 47. Nd6+
Bxd6 48. Rxd6 Rf1 49. Ra6 Kd8 50. Rxa5 Kc7 51. Rc5+ Kb6 52. Rc4 Ka5 53. Rh4 Rc1
54. Rxh5 Kb4 55. Be6 Rf1+ 56. Kg7 Re1 57. Rxh6 Rf1 58. Rf6 Rd1 59. Kf7 Rd3 60.
Rf4+ Ka5 61. Kf6 Rd2 62. Ke5 Rd1 63. Rd4 Rh1 64. Kd6 Rh6 65. Rd5+ Ka6 66. Ke5 1-0